000 00528nam a2200193Ia 4500
003 GCL
008 140319s9999 xx 000 0 eng d
040 _aGCL /
_cGCL
082 0 4 _a953
_bA R
100 1 _aAMIAI, MOHAMMAD TAQI
245 1 0 _aRECONSTRUCTION OF CULTURE AND ISLAM /
_cAMIAI, MOHAMMAD TAQI
700 1 _aUSMANI, Z. A.
260 _a[S.N] :
_bKITAB BHAVAN ،
_c1988
300 _a270 P
650 0 4 _aحوادث المرور
650 0 4 _aARAB COUNTRIES - HISTORY
650 0 4 _aARAB AND ISLAM
942 _2ddc
_cBK
999 _c25565
_d25565